The concepts of the vocation and the mission of the laity according to humen gentium, apostolicam actuositatem, 1983 codex iuris canonici, and Christifideles laici

Enregistré dans:
Détails bibliographiques
Auteur principal: Hagstrom, Aurelie A (Auteur)
Format: Livre
Langue:anglais
Publié: Roma Pontificia Studiorum Universitas A.S. Thoma Aq. in Urbe 1992
Sujets:
Tags: Ajouter un tag
Pas de tags, Soyez le premier à ajouter un tag!

MARC

LEADER 00000nam a2200000 a 4500
001 UCV3263
003 CL-VaPUC
008 930510e19920000IT |||||||||||||||||eng|d
082 0 4 |a 262.15  |b HAG  |2 21 
100 0 |a Hagstrom, Aurelie A  |e author  |9 297530 
245 1 4 |a The concepts of the vocation and the mission of the laity according to humen gentium, apostolicam actuositatem, 1983 codex iuris canonici, and Christifideles laici 
300 |a 91 p 
942 |c BK 
945 |d 19930510 00:00:00 
260 |a Roma  |b Pontificia Studiorum Universitas A.S. Thoma Aq. in Urbe  |c 1992 
600 0 |a Iglesia católica  |9 255129 
650 0 |a Laicos  |9 255625 
650 7 |a DERECHO CANONICO  |2 CL-VaPUC  |9 297531 
583 |a last modification  |c 19930510 00:00:00  |k Rodrigo Vera 
999 |c 210549  |d 210547 
952 |0 0  |1 0  |4 0  |6 262_150000000000000_HAG_1992  |7 0  |8 A  |9 186900  |a BIBDER  |b BIBDER  |d 2019-11-14  |i 2545012  |o 262.15 HAG 1992  |p 2545012  |r 2023-01-25  |w 2019-11-14  |y BK  |k DER